2022/23 Premier League Debutants - Statistics

General Stats
  • This quiz has been taken 32 times
  • The average score is 84 of 170
Answer Stats
% Correct
Arsenal France CB 21 William Saliba 27 2
91%
Liverpool Uruguay ST 23 Darwin Nunez 29 9
87%
Manchester City Norway ST 22 Erling Haaland 35 36
87%
Manchester United Brazil DM 30 Casemiro 28 4
83%
Liverpool Netherlands LW 23 Cody Gakpo 21 7
83%
Manchester City Argentina ST 22 Julian Alvarez 31 9
83%
Manchester City Switzerland CB 27 Manuel Akanji 29
83%
Newcastle United Sweden ST 22 Alexander Isak 22 10
78%
Brighton & Hove Albion Japan LW 25 Kaoru Mitoma 33 7
78%
Manchester United Argentina CB 24 Lisandro Martinez 27 1
78%
Manchester City Spain LB 21 Sergio Gomez 12
78%
Manchester United Brazil RW 22 Antony 25 4
74%
Tottenham Hotspur France CB 27 Clement Lenglet 26
74%
Chelsea Argentina DM 22 Enzo Fernandez 18
74%
Arsenal Portugal AM 22 Fabio Vieira 22 1
74%
Tottenham Hotspur Croatia LM 33 Ivan Perisic 34 1
74%
Arsenal Poland CB 23 Jakub Kiwior 7 1
74%
Chelsea Portugal SS 23 Joao Felix 16 4
74%
Chelsea Senegal CB 31 Kalidou Koulibaly 23 2
74%
Manchester United Austria CM 28 Marcel Sabitzer 11
74%
Chelsea Ukraine LW 22 Mykhaylo Mudryk 15
74%
Bournemouth Brazil GK 33 Norberto Neto 27
74%
Tottenham Hotspur Senegal CM 20 Pape Matar Sarr 11
74%
Brighton & Hove Albion Ecuador LB 24 Pervis Estupinan 35 1
74%
Manchester City Germany GK 30 Stefan Ortega 3
74%
Newcastle United Netherlands CB 22 Sven Botman 36
74%
Chelsea France CB 21 Benoit Badiashile 11 1
70%
Aston Villa France DM 22 Boubacar Kamara 24
70%
Nottingham Forest Wales AM 21 Brennan Johnson 38 8
70%
Aston Villa Brazil CB 29 Diego Carlos 3
70%
Southampton Croatia CB 26 Duje Caleta-Car 13 1
70%
Fulham Portugal DM 27 Joao Palhinha 35 3
70%
Brighton & Hove Albion Paraguay SS 18 Julio Enciso 20 4
70%
Nottingham Forest Costa Rica GK 36 Keylor Navas 17
70%
West Ham United Brazil AM 25 Lucas Paqueta 28 4
70%
Arsenal Brazil RW 19 Marquinhos 1
70%
Manchester City England RB 17 Rico Lewis 14
70%
Manchester United Netherlands LB 22 Tyrell Malacia 22
70%
Brentford Scotland RB 20 Aaron Hickey 26
65%
Aston Villa Spain LB 29 Alex Moreno 19
65%
Everton Belgium DM 20 Amadou Onana 33 1
65%
Crystal Palace Mali DM 22 Cheick Doucoure 34
65%
Chelsea Switzerland DM 26 Denis Zakaria 7
65%
Manchester United Uruguay RW 21 Facundo Pellistri 4
65%
Aston Villa Colombia ST 19 Jhon Duran 12
65%
Brentford Germany RW 21 Kevin Schade 18
65%
Bournemouth Argentina CB 25 Marcos Senesi 31 2
65%
Brentford Denmark LW 22 Mikkel Damsgaard 26
65%
West Ham United Morocco CB 26 Nayef Aguerd 18 2
65%
Tottenham Hotspur Spain RB 23 Pedro Porro 15 3
65%
Southampton Belgium DM 18 Romeo Lavia 29 1
65%
Fulham Serbia CM 26 Sasa Lukic 12
65%
Liverpool Spain DM 17 Stefan Bajcetic 11 1
65%
West Ham United Germany CB 25 Thilo Kehrer 27
65%
Leeds United United States DM 23 Tyler Adams 24
65%
Southampton Germany CB 20 Armel Bella-Kotchap 24
61%
Liverpool Scotland RW 17 Ben Doak 2
61%
Crystal Palace United States CB 22 Chris Richards 9
61%
Chelsea Ivory Coast ST 20 David Datro Fofana 3
61%
West Ham United Italy ST 23 Gianluca Scamacca 16 3
61%
Bournemouth Wales ST 29 Kieffer Moore 27 4
61%
Leeds United Colombia LW 23 Luis Sinisterra 19 5
61%
Fulham Israel LW 23 Manor Solomon 19 4
61%
Chelsea England RW 20 Noni Madueke 12 1
61%
Nottingham Forest Belgium CM 24 Orel Mangala 27 1
61%
Leeds United Denmark RB 25 Rasmus Kristensen 26 3
61%
Leeds United Italy LW 18 Wilfried Gnonto 24 2
61%
Wolverhampton Wanderers Mali DM 21 Boubacar Traore 10
57%
Leeds United United States AM 21 Brenden Aaronson 36 1
57%
Brighton & Hove Albion Germany ST 26 Deniz Undav 22 5
57%
Southampton Ireland GK 20 Gavin Bazunu 32
57%
Bournemouth Ivory Coast AM 22 Hamed Junior Traore 7
57%
Brighton & Hove Albion Netherlands CB 22 Jan Paul van Hecke 8
57%
Aston Villa Sweden LB 28 Ludwig Augustinsson 3
57%
Leeds United Spain DM 25 Marc Roca 32 1
57%
Wolverhampton Wanderers Brazil ST 23 Matheus Cunha 17 2
57%
Everton Scotland RB 20 Nathan Patterson 19
57%
Nottingham Forest Switzerland CM 30 Remo Freuler 28
57%
Bournemouth Scotland AM 27 Ryan Christie 32 1
57%
Nottingham Forest Nigeria ST 24 Taiwo Awoniyi 27 10
57%
Leicester City Belgium CB 24 Wout Faes 31 1
57%
Bournemouth Ghana ST 23 Antoine Semenyo 11 1
52%
Leicester City Australia CB 24 Harry Souttar 12
52%
Nottingham Forest England LB 26 Harry Toffolo 19
52%
Southampton Nigeria AM 26 Joe Aribo 21 2
52%
Newcastle United England CM 17 Lewis Miley 1
52%
Bournemouth England LM 23 Marcus Tavernier 23 5
52%
Wolverhampton Wanderers Portugal CM 23 Matheus Nunes 34 1
52%
Leeds United Austria CB 24 Maximilian Wober 16
52%
Manchester City Argentina DM 20 Maximo Perrone 1
52%
Wolverhampton Wanderers Spain RW 30 Pablo Sarabia 13 1
52%
Nottingham Forest England CM 24 Ryan Yates 26
52%
Leeds United United States CM 24 Weston McKennie 19
52%
Southampton Argentina CM 20 Carlos Alcaraz 18 4
48%
Arsenal England AM 15 Ethan Nwaneri 1
48%
Leeds United France ST 20 Georginio Rutter 11
48%
Bournemouth Ukraine CB 20 Ilya Zabarnyi 5
48%
Nottingham Forest England CB 25 Joe Worrall 30 1
48%
Brentford England LW 21 Keane Lewis-Potter 10
48%
Chelsea England LB 18 Lewis Hall 9
48%
Nottingham Forest Senegal CB 26 Moussa Niakhate 14
48%
Nottingham Forest Brazil LB 24 Renan Lodi 28
48%
Leicester City Brazil RW 22 Tete 13 1
48%
Bournemouth Burkina Faso RW 20 Dango Ouattara 19 1
43%
Leicester City Denmark GK 25 Daniel Iversen 12
43%
Nottingham Forest Brazil DM 21 Danilo 13 3
43%
Brighton & Hove Albion Argentina AM 18 Facundo Buonanotte 13 1
43%
Nottingham Forest Brazil CB 33 Felipe 16
43%
West Ham United England CM 23 Flynn Downes 21
43%
Wolverhampton Wanderers Portugal LW 25 Goncalo Guedes 13 1
43%
Wolverhampton Wanderers Brazil CM 21 Joao Gomes 11 1
43%
Southampton Ghana LW 20 Kamaldeen Sulemana 18 2
43%
Manchester United England CM 17 Kobbie Mainoo 1
43%
Nottingham Forest England CM 23 Lewis O'Brien 13 1
43%
Southampton Croatia LW 30 Mislav Orsic 1
43%
Southampton Nigeria ST 28 Paul Onuachu 11
43%
Nottingham Forest Scotland CB 25 Scott McKenna 20
43%
Wolverhampton Wanderers Spain LB 20 Hugo Bueno 21
39%
Bournemouth England LW 22 Jaidon Anthony 30 3
39%
Brighton & Hove Albion England CB 19 Levi Colwill 17
39%
Wolverhampton Wanderers Austria ST 25 Sasa Kalajdzic 1
39%
Southampton France ST 20 Sekou Mara 22 1
39%
West Ham United Ireland DM 22 Conor Coventry 1
35%
West Ham United England ST 18 Divin Mubama 3
35%
Tottenham Hotspur England RB 22 Djed Spence 4
35%
Tottenham Hotspur England DM 21 Harvey White 1
35%
Brighton & Hove Albion England DM 18 Jack Hinshelwood 1
35%
Bournemouth Zimbabwe LB 22 Jordan Zemura 19
35%
Fulham France LB 30 Layvin Kurzawa 3
35%
Bournemouth Uruguay LB 25 Matias Vina 12 2
35%
Chelsea Jamaica AM 19 Omari Hutchinson 1
35%
Leicester City Denmark LB 20 Victor Kristiansen 12
35%
Liverpool England CM 17 Bobby Clark 1
30%
Wolverhampton Wanderers England GK 29 Daniel Bentley 2
30%
Bournemouth England CM 27 Joe Rothwell 20
30%
Nottingham Forest France RB 22 Giulian Biancone 2
26%
Nottingham Forest Brazil AM 28 Gustavo Scarpa 6
26%
Brentford Turkey ST 22 Halil Dervisoglu 1
26%
Southampton England RB 25 James Bree 5
26%
Southampton Spain LB 18 Juan Larios 5
26%
Southampton England LW 19 Samuel Edozie 17
26%
Everton Ireland ST 19 Tom Cannon 2
26%
Brighton & Hove Albion Sweden CM 19 Yasin Ayari 3
26%
Bournemouth Denmark AM 27 Emiliano Marcondes 1
22%
Crystal Palace England GK 19 Joe Whitworth 2
22%
Southampton England AM 17 Kami Doyle 1
22%
Fulham Wales AM 17 Luke Harris 3
22%
Crystal Palace France CM 20 Naouirou Ahamada 8
22%
Manchester City Northern Ireland DM 19 Shea Charles 1
22%
Bournemouth England CM 27 Ben Pearson 7
17%
Brighton & Hove Albion Australia AM 20 Cameron Peupion 1
17%
Leeds United England CM 18 Darko Gyabi 1
17%
Bournemouth Jamaica RW 28 Jamal Lowe 2
17%
Fulham England ST 19 Jay Stansfield 3
17%
Wolverhampton Wanderers Ireland DM 20 Joe Hodge 6
17%
Crystal Palace England RW 18 Malcolm Ebiowei 3
17%
Bournemouth Scotland LW 26 Siriki Dembele 6
17%
Brighton & Hove Albion Ireland AM 19 Andrew Moran 1
13%
Nottingham Forest Portugal CM 29 Cafu 1
13%
Crystal Palace England DM 17 David Ozoh 1
13%
Leeds United England ST 19 Mateo Joseph 3
13%
Tottenham Hotspur Scotland DM 20 Matthew Craig 1
13%
Brighton & Hove Albion England CB 20 Odeluga Offiah 2
13%
Nottingham Forest England LW 20 Alex Mighten 1
9%
Wolverhampton Wanderers Ireland CM 24 Connor Ronan 1
9%
Wolverhampton Wanderers Jamaica RB 19 Dexter Lembikisa 1
9%
Southampton England ST 18 Dom Ballard 2
9%
Southampton England LW 16 Samuel Amo-Ameyaw 1
9%
Tottenham Hotspur England DM 17 George Abbott 1
4%
Bournemouth Wales CB 18 Owen Bevan 1
4%
No matching quizzes found
Score Distribution
Percent of People with Each Score
Percentile by Number Answered
Your Score History
You have not taken this quiz